5 Seconds of Summer (5SOS) - Ghost - All lyrics - Statistics

General Stats
  • This quiz has been taken 53 times
  • The average score is 181 of 208
Answer Stats
Answer % Correct
a
100%
I
100%
I,
100%
and
97%
And
97%
ghost
97%
You
97%
you
97%
by
94%
haunted
94%
Haunted
94%
it
94%
the
94%
when
94%
drunk
91%
Drunk
91%
high
91%
I'm
91%
like
91%
me
91%
most
91%
oh-oh
91%
Oh-oh,
91%
oh-oh-oh
91%
Oh-ooh,
91%
Ooh-ooh,
91%
ooh-ooh
91%
similar
91%
so
91%
to
91%
Cause
88%
go
88%
need
88%
sleep
88%
sound
88%
we're
88%
you're
88%
afraid
84%
at
84%
can
84%
I'll
84%
Late
84%
look
84%
night,
84%
see
84%
don't
81%
Jesus
81%
looks
81%
same,
81%
save
81%
shows
81%
want
81%
what
81%
eyes
78%
him
78%
in
78%
of
78%
that
78%
all
75%
can't
75%
know
75%
lady
75%
over
75%
Vomit
75%
my
72%
out
72%
room
72%
screamed,
72%
Some
72%
voice,
72%
yard,
72%
ending
69%
heard
69%
I've
69%
street
69%
picked
66%
crawl
63%
off
63%
unrelenting
63%
always
59%
door,
59%
Porsche
59%
up
59%
walk
59%
bending
47%
let
47%
totalled
41%
(Ah-ah)
28%
No matching quizzes found
Score Distribution
Percent of People with Each Score
Percentile by Number Answered
Your Score History
You have not taken this quiz